Transformation of India's Foreign Policy: (Record no. 203896)

MARC details
000 -LEADER
fixed length control field 00720nam a22001937a 4500
005 - DATE AND TIME OF LATEST TRANSACTION
control field 20240703125950.0
010 ## - LCCN (DPL NO)
LC control number ENG-140734
020 ## - INTERNATIONAL STANDARD BOOK NUMBER
Terms of availability 980.00
International Standard Book Number 9788196762155
035 ## - SYSTEM CONTROL NUMBER
System control number EN-124266
037 ## - SOURCE OF ACQUISITION
Source of stock number/acquisition DBAD
082 ## - DEWEY DECIMAL CLASSIFICATION NUMBER
Classification number 327.54
100 ## - MAIN ENTRY--PERSONAL NAME
Personal name Pandit, Santishree Dhulipudi
245 ## - TITLE STATEMENT
Title Transformation of India's Foreign Policy:
Remainder of title Shaping the Global Order as a Responsible Power/
Statement of responsibility, etc ed. by Santishree Dhulipudi Pandit
260 ## - PUBLICATION, DISTRIBUTION, ETC. (IMPRINT)
Place of publication, distribution, etc New Delhi
Name of publisher, distributor, etc KW Publishers Pvt Ltd
Date of publication, distribution, etc 2024
270 ## - ADDRESS
City New Delhi
Address 4676/21,First Floor , Ansari Road ,Daryaganj,
Postal code 110002
Telephone number 01143528107
300 ## - PHYSICAL DESCRIPTION
Extent x, 245p.
Dimensions 24cm(hb)
700 ## - ADDED ENTRY--PERSONAL NAME
Personal name Pandit, Santishree Dhulipudi
9 (RLIN) 67842
Relator term Editor
942 ## - ADDED ENTRY ELEMENTS (KOHA)
Source of classification or shelving scheme Dewey Decimal Classification
Item type English Books
Classification part 327.54
Call number suffix PAN
Holdings
Withdrawn status Lost status Not for loan Collection code Home library Current library Date acquired Source of acquisition Cost, normal purchase price Full call number Barcode Copy number Cost, replacement price Koha item type
      Non-fiction New Police Line New Police Line 03/07/2024 DBAD 980.00 327.54 PAN EN-124266 1 980.00 English Books

© Delhi Public Library
Hit Counter
free hit counter